000 00394nam a22001577a 4500
005 20231110091449.0
008 231110b |||||||| |||| 00| 0 eng d
041 _aEnglish
082 _a346.1 MAT
100 _lEnglish
245 _aMatrimonial Law
260 _c2009
300 _b54 pages ;
_c30,5 cm.
650 _aLegal practice
_bLaw
942 _cBK
_6ALISON_BN_VRIES
999 _c519
_d519